000 00209nam a22000857a 4500
008 170110b xxu||||| |||| 00| 0 eng d
100 _92299
_aDey.S.
245 _aBusiness Studies-XII
260 _aNew Delhi
_bGPH
_c2011
999 _c5204
_d5204